00966nam a22002177a 4500001001400000003000900014005001700023008004100040040001300081082002100094100004900115245016100164260008100325300003500406500010800441650004000549650002700589650006100616700003700677700003400714BD-DhSAU 9530BD-DhSAU20260512103600.0260512b2013 bg a||||r|||| 000 0 eng d aBD-DhSAU 222a631.4bK9498 aMD. ShamsuzzohaeRegistration no. # 09-03285 aEvaluation of the change of soil chemical properties and nutrient accumulation in plants of industrially polluted agricultural land areas / bPh.D. Thesis aSher-e-bangla Agricultural University :bDepartment of Soil Science,c2024. axiii, 164 p. :bill. ;c30 cm. aPh.D thesis of Department of Soil Science,, Sher-e-bangla Agricultural University; Dhaka, Bangladesh  achange of soil chemical properties  anutrient accumulation  aplants of industrially polluted agricultural land areas  aProf. Asaduzzaman KhaneChairman aProf. Alok Kumer PauleMember